<?xml version="1.0" encoding="UTF-8"?>
<record
    xmlns:xsi="http://www.w3.org/2001/XMLSchema-instance"
    xsi:schemaLocation="http://www.loc.gov/MARC21/slim http://www.loc.gov/standards/marcxml/schema/MARC21slim.xsd"
    xmlns="http://www.loc.gov/MARC21/slim">

  <leader>02750nam a2200289 i 4500</leader>
  <controlfield tag="003">DO-SdBNP</controlfield>
  <controlfield tag="005">20250204102511.0</controlfield>
  <controlfield tag="007">ta</controlfield>
  <controlfield tag="008">240320b2007    dr a|||| |||| 00| 0 spa d</controlfield>
  <datafield tag="040" ind1=" " ind2=" ">
    <subfield code="a">DO-SdBNP</subfield>
    <subfield code="b">spa</subfield>
    <subfield code="c">BNPHU</subfield>
    <subfield code="e">rda</subfield>
  </datafield>
  <datafield tag="082" ind1=" " ind2="4">
    <subfield code="a">330.97293</subfield>
    <subfield code="b">F825h, 2007</subfield>
    <subfield code="2">22</subfield>
  </datafield>
  <datafield tag="100" ind1="1" ind2=" ">
    <subfield code="a">Franco, Franklin J.,</subfield>
    <subfield code="d">1936-</subfield>
    <subfield code="e">autor</subfield>
    <subfield code="4">aut.</subfield>
    <subfield code="9">34417</subfield>
  </datafield>
  <datafield tag="245" ind1="1" ind2="0">
    <subfield code="a">Historia econ&#xF3;mica y financiera de la Rep&#xFA;blica Dominicana 1844-1962 : </subfield>
    <subfield code="b">Introducci&#xF3;n a su estudio /</subfield>
    <subfield code="c">Franklin Franco Pichardo </subfield>
  </datafield>
  <datafield tag="250" ind1=" " ind2=" ">
    <subfield code="a">quinta edici&#xF3;n</subfield>
  </datafield>
  <datafield tag="264" ind1=" " ind2="1">
    <subfield code="a">Santo Domingo :</subfield>
    <subfield code="b">Universidad Aut&#xF3;noma de Santo Domingo </subfield>
    <subfield code="c">2007.</subfield>
  </datafield>
  <datafield tag="300" ind1=" " ind2=" ">
    <subfield code="a">304 p&#xE1;ginas :</subfield>
    <subfield code="b">ilustraciones ;</subfield>
    <subfield code="c">21 cm.</subfield>
  </datafield>
  <datafield tag="336" ind1=" " ind2=" ">
    <subfield code="a">texto</subfield>
    <subfield code="b">txt</subfield>
    <subfield code="2">rdacontent</subfield>
  </datafield>
  <datafield tag="337" ind1=" " ind2=" ">
    <subfield code="a">sin mediaci&#xF3;n</subfield>
    <subfield code="b">n</subfield>
    <subfield code="2">rdamedia</subfield>
  </datafield>
  <datafield tag="338" ind1=" " ind2=" ">
    <subfield code="a">volumen</subfield>
    <subfield code="2">rdacarrier</subfield>
    <subfield code="b">nc</subfield>
  </datafield>
  <datafield tag="505" ind1=" " ind2=" ">
    <subfield code="a">Perfil de la situaci&#xF3;n econ&#xF3;mica del mundo occidental en la &#xE9;poca de la Independencia Nacional y a&#xF1;os inmediatamente posteriores--</subfield>
    <subfield code="t">Antecedentes  --  </subfield>
    <subfield code="t">Estructura de la econom&#xED;a: 1844-1870 25 --  </subfield>
    <subfield code="t"> Los problemas monetarios --  </subfield>
    <subfield code="t">La econom&#xED;a durante la anexi&#xF3;n -- </subfield>
    <subfield code="t">Estado y administraci&#xF3;n p&#xFA;blica -- </subfield>
    <subfield code="t">De las compa&#xF1;&#xED;as de cr&#xE9;dito al endeudamiento exterior --</subfield>
    <subfield code="t">El repunte y ca&#xED;da de la industria azucarera --  </subfield>
    <subfield code="t">Cambios en la pol&#xED;tica econ&#xF3;mica: 1865-1880 -- </subfield>
    <subfield code="t"> Tratado de libre cambio con Estados Unidos 1891-1894 -- </subfield>
    <subfield code="t">Poblaci&#xF3;n 1844-1900 --</subfield>
    <subfield code="t">La crisis monetaria y la guerra internacional entre el oro y la plata --  </subfield>
    <subfield code="t">La econom&#xED;a a finales del siglo XIX y los empr&#xE9;stitos con la Wesntendorp y la Santo Domingo Improvement Company -- </subfield>
    <subfield code="t">Los primeros bancos: antecedentes --</subfield>
    <subfield code="t">Los primeros bancos: antecedentes --</subfield>
    <subfield code="t"> Los primeros bancos : antecedentes --</subfield>
    <subfield code="t">La descomposici&#xF3;n del campesinado -- </subfield>
    <subfield code="t">La industria, la agricultura y la ganader&#xED;a desde principios de siglo a 1920 --</subfield>
    <subfield code="t">La consolidaci&#xF3;n de la hegemon&#xED;a norteamericana en la econom&#xED;a nacional -- </subfield>
    <subfield code="t"> La convenci&#xF3;n de 1907 y las reformas econ&#xF3;micas del r&#xE9;gimen de C&#xE1;ceres --  </subfield>
    <subfield code="t">El caos pol&#xED;tico afecta la econom&#xED;a y la administraci&#xF3;n p&#xFA;blica --  </subfield>
    <subfield code="t">La pol&#xED;tica econ&#xF3;mica de la dictadura militar norteamericana: 1916-1922 -- </subfield>
    <subfield code="t">La pol&#xED;tica econ&#xF3;mica de la dictadura militar norteamericana : 1916-1922 -- </subfield>
    <subfield code="t">La situaci&#xF3;n econ&#xF3;mica entre 1922-1930-- </subfield>
    <subfield code="t">La crisis mundial de 1929 y sus repercusiones, a&#xF1;os despu&#xE9;s -- </subfield>
    <subfield code="t">La econom&#xED;a nacional entre 1935 y segunda guerra mundial --</subfield>
    <subfield code="t">De la segunda guerra mundial a la creaci&#xF3;n de la moneda nacional.</subfield>
  </datafield>
  <datafield tag="590" ind1=" " ind2=" ">
    <subfield code="a">Inventariado, 2024/BT</subfield>
  </datafield>
  <datafield tag="650" ind1=" " ind2="4">
    <subfield code="a">Finanzas</subfield>
    <subfield code="x">Rep&#xFA;blica Dominicana</subfield>
    <subfield code="x">Historia</subfield>
    <subfield code="y">1844-1962</subfield>
    <subfield code="9">13745</subfield>
  </datafield>
  <datafield tag="651" ind1=" " ind2="4">
    <subfield code="a">Rep&#xFA;blica Dominicana</subfield>
    <subfield code="x">Condiciones econ&#xF3;micas</subfield>
    <subfield code="x">Historia</subfield>
    <subfield code="y">1844-1962</subfield>
    <subfield code="9">13746</subfield>
  </datafield>
  <datafield tag="651" ind1=" " ind2="4">
    <subfield code="a">Rep&#xFA;blica Dominicana</subfield>
    <subfield code="x">Pol&#xED;tica econ&#xF3;mica</subfield>
    <subfield code="x">Historia</subfield>
    <subfield code="y">1844-1962</subfield>
    <subfield code="9">13747</subfield>
  </datafield>
  <datafield tag="910" ind1=" " ind2=" ">
    <subfield code="a">Btav&#xE1;rez</subfield>
  </datafield>
  <datafield tag="942" ind1=" " ind2=" ">
    <subfield code="2">ddc</subfield>
    <subfield code="c">LBS1</subfield>
  </datafield>
  <datafield tag="952" ind1=" " ind2=" ">
    <subfield code="0">0</subfield>
    <subfield code="1">0</subfield>
    <subfield code="2">ddc</subfield>
    <subfield code="5">1</subfield>
    <subfield code="7">0</subfield>
    <subfield code="8">PD</subfield>
    <subfield code="a">BNPHU</subfield>
    <subfield code="b">BNPHU</subfield>
    <subfield code="c">CT</subfield>
    <subfield code="d">2024-03-20</subfield>
    <subfield code="e">Donado por la Presidencia de la Rep&#xFA;blica Dominicana 2023.</subfield>
    <subfield code="l">0</subfield>
    <subfield code="o">BNPHU PD 330.97293 F825h, 2007</subfield>
    <subfield code="p">2024-1594</subfield>
    <subfield code="r">2024-03-20</subfield>
    <subfield code="w">2024-03-20</subfield>
    <subfield code="y">LBS1</subfield>
    <subfield code="z">Perteneci&#xF3; a la biblioteca personal de Emilio Cordero Michel.</subfield>
  </datafield>
  <datafield tag="999" ind1=" " ind2=" ">
    <subfield code="c">56154</subfield>
    <subfield code="d">56154</subfield>
  </datafield>
</record>
